<?xml version="1.0" encoding="UTF-8"?>
<record
    xmlns:xsi="http://www.w3.org/2001/XMLSchema-instance"
    xsi:schemaLocation="http://www.loc.gov/MARC21/slim http://www.loc.gov/standards/marcxml/schema/MARC21slim.xsd"
    xmlns="http://www.loc.gov/MARC21/slim">

  <leader>00998nas a2200301 i 4500</leader>
  <controlfield tag="001">2692</controlfield>
  <controlfield tag="003">ES-MaACL</controlfield>
  <controlfield tag="005">20250326204001.0</controlfield>
  <controlfield tag="007">t|</controlfield>
  <controlfield tag="008">980121c1990    sp  |         |  0 ||pa d</controlfield>
  <datafield tag="022" ind1=" " ind2=" ">
    <subfield code="a">1130-3883</subfield>
  </datafield>
  <datafield tag="080" ind1=" " ind2=" ">
    <subfield code="a">(460)</subfield>
  </datafield>
  <datafield tag="080" ind1=" " ind2=" ">
    <subfield code="a">657</subfield>
  </datafield>
  <datafield tag="245" ind1="0" ind2="0">
    <subfield code="a">Bolet&#xED;n oficial del Instituto de Contabilidad y Auditor&#xED;a de Cuentas.</subfield>
  </datafield>
  <datafield tag="260" ind1=" " ind2=" ">
    <subfield code="a">Madrid : </subfield>
    <subfield code="b">Instituto de Contabilidad y Auditor&#xED;a de Cuentas, </subfield>
    <subfield code="c">1990-</subfield>
  </datafield>
  <datafield tag="300" ind1=" " ind2=" ">
    <subfield code="a">10 v. ; </subfield>
    <subfield code="c">30 cm.</subfield>
  </datafield>
  <datafield tag="310" ind1=" " ind2=" ">
    <subfield code="a">Trimestral</subfield>
  </datafield>
  <datafield tag="362" ind1="0" ind2=" ">
    <subfield code="a">N&#xBA; 1 (1990)-</subfield>
  </datafield>
  <datafield tag="650" ind1="1" ind2="4">
    <subfield code="a">Contabilidad.</subfield>
    <subfield code="9">11307</subfield>
  </datafield>
  <datafield tag="655" ind1=" " ind2="7">
    <subfield code="2">tgfbne</subfield>
    <subfield code="9">226866</subfield>
    <subfield code="a">Revistas</subfield>
  </datafield>
  <datafield tag="710" ind1="2" ind2=" ">
    <subfield code="a">Instituto de Contabilidad y Auditor&#xED;a de Cuentas.</subfield>
    <subfield code="9">4847</subfield>
  </datafield>
  <datafield tag="852" ind1=" " ind2=" ">
    <subfield code="a">ES-MaACL</subfield>
    <subfield code="j">Hem-2001</subfield>
  </datafield>
  <datafield tag="856" ind1=" " ind2=" ">
    <subfield code="u">https://www.icac.gob.es/publicaciones/no-123-boletin-del-instituto-de-contabilidad-y-auditoria-de-cuentas</subfield>
    <subfield code="y">Ministerio de Hacienda</subfield>
  </datafield>
  <datafield tag="866" ind1=" " ind2="0">
    <subfield code="o">1996-2004.</subfield>
  </datafield>
  <datafield tag="942" ind1=" " ind2=" ">
    <subfield code="2">udc</subfield>
    <subfield code="c">PERIODICA</subfield>
  </datafield>
  <datafield tag="999" ind1=" " ind2=" ">
    <subfield code="c">2692</subfield>
    <subfield code="d">2692</subfield>
  </datafield>
</record>
